[Event "Landsturneringen NM i sjakk 2013"]
[Site "Radisson Blu Lillehammer Hotel"]
[Date "2013.06.29"]
[Round "3"]
[White "Kvisla, Johannes Luangtep"]
[Black "Løvik, Lasse Østebø"]
[Result "0-1"]
[WhiteElo "2175"]
[BlackElo "2311"]
[PlyCount "144"]
[EventDate "2013.??.??"]

1. d4 Nf6 2. c4 e6 3. Nc3 Bb4 4. e3 O-O 5. Nge2 d5 6. a3 Bd6 7. Ng3 c6 8. Be2
dxc4 9. Bxc4 e5 10. dxe5 Bxe5 11. Qxd8 Rxd8 12. Bd2 Nbd7 13. f4 Bc7 14. O-O-O
Nc5 15. b4 Nd3+ 16. Bxd3 Rxd3 17. Kc2 Rd8 18. h3 Be6 19. Bc1 Nd5 20. Nxd5 Bxd5
21. e4 Bc4 22. Kc3 Bb5 23. Nf5 a5 24. Rxd8+ Rxd8 25. Nd4 Ba6 26. Be3 Bb6 27.
Re1 axb4+ 28. axb4 h6 29. Nf5 Rd3+ 30. Kc2 Bc7 31. e5 Kh7 32. Rd1 Rxd1 33. Kxd1
Bf1 34. Nd6 Bxg2 35. Nxf7 Bxh3 36. Nd6 b5 37. Ke2 Kg6 38. Bc5 Bd8 39. Kf3 Bh4
40. Nb7 Kf5 41. Nd6+ Ke6 42. Nb7 g6 43. Bf2 Be7 44. Bc5 Bh4 45. Bf2 Be7 46. Bc5
Bxc5 47. Nxc5+ Kf5 48. Kg3 Bf1 49. Nb3 Ke6 50. Kf2 Bc4 51. Nd4+ Kd5 52. Ke3 Bf1
53. e6 Bh3 54. f5 gxf5 55. Kf4 Kd6 56. e7 Kxe7 57. Nxc6+ Kf6 58. Nd4 h5 59.
Nxb5 h4 60. Nd4 Bg4 61. b5 h3 62. Nf3 Ke6 63. Ng5+ Kf6 64. Nf3 Ke7 65. b6 Kd6
66. b7 Kc7 67. Nh2 Kxb7 68. Kg3 Kc6 69. Kf4 Kd5 70. Nf1 Kd4 71. Nh2 Kd3 72. Kg3
Ke2
0-1

[Event "Landsturneringen NM i sjakk 2013"]
[Site "Radisson Blu Lillehammer Hotel"]
[Date "2013.06.29"]
[Round "4"]
[White "Stubberud, Ørnulf"]
[Black "Kvisla, Johannes Luangtep"]
[Result "1-0"]
[WhiteElo "2327"]
[BlackElo "2175"]
[PlyCount "109"]
[EventDate "2013.??.??"]

1. e4 e5 2. Nf3 Nc6 3. Bb5 a6 4. Ba4 Nf6 5. O-O Be7 6. Re1 b5 7. Bb3 O-O 8. h3
d6 9. c3 a5 10. d4 a4 11. Bc2 Bd7 12. Nbd2 Re8 13. Nf1 h6 14. Ng3 Bf8 15. Nh2
g6 16. f4 exd4 17. cxd4 Nb4 18. Bb1 c5 19. d5 Bg7 20. a3 Na6 21. Nf3 Nc7 22.
Bd2 Qb8 23. Bc2 Qb7 24. Kh2 Rf8 25. Bc3 Rae8 26. Qd2 Nh7 27. Bxg7 Kxg7 28. Rad1
Nf6 29. f5 b4 30. fxg6 fxg6 31. e5 dxe5 32. Nxe5 Ncxd5 33. Nxg6 Rxe1 34. Rxe1
Rf7 35. Ne5 Re7 36. Nxd7 Rxd7 37. Nf5+ Kh8 38. Qxh6+ Rh7 39. Re8+ Ng8 40. Qe6
Qc7+ 41. Kg1 Qf7 42. Qxf7 Rxf7 43. Nh6 Rg7 44. axb4 Ndf6 45. Rb8 Nd7 46. Rd8
cxb4 47. Bxa4 Nc5 48. Bc2 Ne6 49. Rb8 Nf4 50. Be4 Nxh3+ 51. Kh2 Nf4 52. Rf8 Ne6
53. Nf7+ Rxf7 54. Rxf7 Ng5 55. Rf4
1-0